banner koha

Um bom equilibrio entre utilizacao e conservacao [Recurso da terra; Floresta; Producao vegetal; Amazonia; Brasil] (Registro n. 101497)

MARC details
000 -LÍDER
campo de controle de tamanho fixo 01082nas a2200337 4500
001 - NÚMERO DE CONTROLE
campo de controle BR7904596
003 - IDENTIFICADOR DO NÚMERO DE CONTROLE
campo de controle BR-BrBNA
005 - DATA E HORÁRIO DA ÚLTIMA TRANSAÇÃO
campo de controle 20231205083833.0
007 - CAMPO FIXO DE DESCRIÇÃO FÍSICA--INFORMAÇÃO GERAL
campo de controle de tamanho fixo ta
008 - CAMPO DE DADOS FIXOS--INFORMAÇÃO GERAL
campo de controle de tamanho fixo 230509b bl.|||p| |||| 00| 00por d
040 ## - FONTE DA CATALOGAÇÃO
Instituição da catalogação original BR-BrBNA
Idioma da catalogação por
Instituição que transcreveu o registro Biblioteca Nacional de Agricultura
041 ## - CÓDIGO DE IDIOMA
Código do idioma do texto/trilha sonora ou título diferente (Pt)
072 ## - CÓDIGO DE CATEGORIA DE ASSUNTO
Código de Categoria de Assunto P20; F00
100 1# - ENTRADA PRINCIPAL--NOME PESSOAL
Nome pessoal Alvim, P. de T.
245 1# - TÍTULO
Título Um bom equilibrio entre utilizacao e conservacao [Recurso da terra; Floresta; Producao vegetal; Amazonia; Brasil]
246 1# - FORMA VARIANTE DO TÍTULO
Título/título abreviado [A good equilibrium between use and conservation [Land resource; Forest; Plant production; The Amazonic area; Brazil]]
650 ## - ASSUNTO--TERMO TÓPICO
Cabeçalho tópico ou nome geográfico Recurso da terra
650 ## - ASSUNTO--TERMO TÓPICO
Cabeçalho tópico ou nome geográfico Producao vegetal
650 ## - ASSUNTO--TERMO TÓPICO
Cabeçalho tópico ou nome geográfico Floresta
650 ## - ASSUNTO--TERMO TÓPICO
Cabeçalho tópico ou nome geográfico Conservacao
650 ## - ASSUNTO--TERMO TÓPICO
Cabeçalho tópico ou nome geográfico Amazonia
650 ## - ASSUNTO--TERMO TÓPICO
Cabeçalho tópico ou nome geográfico Cacau
650 ## - ASSUNTO--TERMO TÓPICO
Cabeçalho tópico ou nome geográfico Arroz
650 ## - ASSUNTO--TERMO TÓPICO
Cabeçalho tópico ou nome geográfico Dende
650 ## - ASSUNTO--TERMO TÓPICO
Cabeçalho tópico ou nome geográfico Castanha do Para
650 ## - ASSUNTO--TERMO TÓPICO
Cabeçalho tópico ou nome geográfico Borracha
650 ## - ASSUNTO--TERMO TÓPICO
Cabeçalho tópico ou nome geográfico Pastagem
773 0# - ENTRADA ANALÍTICA
Título Agricultura. A Forca Verde (Brazil)
ISSN - International Standard Serial Number ISSN 0100-5650
Partes relacionadas (Jun 1979), v. 2(19) p. 20-26
Número de controle do registro BR7904596
909 ## -
-- 202311
-- Lúcia
-- 55
-- Lúcia Elande
942 ## - ELEMENTOS DE ENTRADA ADICIONADOS (KOHA)
Fonte da classificação ou esquema de arquivamento na estante Classificação AGRIS
Ocultar no OPAC Não
Tipo de material Koha Analítica
Exemplares
Situação do descarte Fonte da classificação ou esquema de arquivamento na estante Situação física Não pode ser emprestado Biblioteca de origem Biblioteca atual Localização na estante Enumeração do periódico / cronologia Total de empréstimos Data de último acesso Número do exemplar Tipo de material Koha Fonte de aquisição
  Classificação AGRIS   Consulta local Biblioteca Nacional de Agricultura - Binagri Biblioteca Nacional de Agricultura - Binagri   (Jun 1979), v. 2(19) p. 20-26   29/11/2023 01 Periódicos Portaria Interministerial nº 164/94

BINAGRI

Telefone: (61)3218-2567/2388/3357/2097 - binagri@agro.gov.br

Ministério da Agricultura e Pecuária , Esplanada dos Ministérios, Bloco D, Anexo B, Brasília/DF, CEP: 70.043-900